| 000 | 00410nam a2200157Ia 4500 | ||
|---|---|---|---|
| 008 | 181130s2018 xx 000 0 und d | ||
| 100 | _aSunil, Soorya | ||
| 245 | _aMoral identity and its links to ethical ideology and civic engagement | ||
| 260 | _c2018 | ||
| 300 | _ap.73-82. | ||
| 504 | _dMay | ||
| 650 | _aEthics | ||
| 700 | _aVerma, Sunil K. | ||
| 773 | _aJournal of Human Values | ||
| 906 | _aEthics | ||
| 999 |
_c506368 _d506368 |
||